Kapitanowie Premier League 2025/26 - Statystyki

Ogólne statystyki
  • Ten quiz został rozwiązany 25 razy
  • Średni wynik to 7 z 20
Statystyki odpowiedzi
Hint Odpowiedź % Poprawnych
Arsenal Martin Ødegaard
95%
Liverpool Virgil van Dijk
95%
Manchester United Bruno Fernandes
86%
Aston Villa John McGinn
57%
Chelsea Reece James
52%
Manchester City Bernardo Silva
48%
Newcastle United Bruno Guimarães
48%
Crystal Palace Marc Guéhi
48%
Sunderland Granit Xhaka
38%
Tottenham Hotspur Cristian Romero
33%
Bournemouth Adam Smith
24%
West Ham United Jarrod Bowen
24%
Brighton Lewis Dunk
19%
Brentford Nathan Collins
19%
Everton Séamus Coleman
14%
Leeds United Ethan Ampadu
10%
Burnley Josh Cullen
10%
Nottingham Forest Ryan Yates
5%
Wolves Tote António Gomes
5%
Fulham Tom Cairney
0%
Nie znaleziono quizów pasujących do podanych kryteriów
Rozkład punktacji
Procent ludzi z każdym wynikiem
Percentyl według liczby udzielonych odpowiedzi
Twoja historia wyników
Nie rozwiązałeś tego quizu